LEADER 00677naa a2200157 i 4500 001 000000330023 003 CaOOAMICUS 005 20180831173631.0 008 180831n it u000 u ita u 013 $a41752 040 $aSeMil$bita 245 12$aL'azione dello Spirito Santo nell'esercizio del discernimento. 650 4$aSpirito Santo - Chiesa.$0(OLS)http://semarc/subject/5576 650 4$aSpirito Santo - Attivitą.$0(OLS)http://semarc/subject/37459 773 0 $tDiscernimento.$dRoma : Urbaniana University Press, 2018.$kGrandi opere$z978-88-401-6034-4$gp.131-149$w()169017 996 $6245$aL'azione dello Spirito Santo nell'esercizio del discernimento$9(OLS)http://semarc/title/418484 LEADER 00751nam a2200193 i 4500 001 000000228707 003 CaOOAMICUS 005 20260224113133.0 008 140409s1973 it u000 u ita u 040 $aSeMil$bita 245 10$aAtlante e repertorio geografico. 300 $aVIII, 444 p., [94] c. di tav. :$bc. geogr. 650 4$aAtlanti geografici.$0(OLS)http://semarc/subject/55 773 0 $tLessico universale italiano.$dRoma : Istituto della Enciclopedia Italiana, 1968-1998.$w()29697 850 $aSeMil 852 $aSeMil$W1$xVenegono$y1$mSL1.K II 29$j267553$B179053$CSeMilBibl$Z2$F190225 $8I 961 $aOmaggio: Altro 996 $6245$aAtlante e repertorio geografico$9(OLS)http://semarc/title/327341